<?xml version="1.0" encoding="UTF-8"?>
<marc:record xmlns:marc="http://www.loc.gov/MARC21/slim">
   <marc:leader>00000nam a2200000 a 4500</marc:leader>
   <marc:datafield ind1="1" ind2=" " tag="100">
      <marc:subfield code="a">Lohmann, Eva</marc:subfield>
      <marc:subfield code="4">aut</marc:subfield>
      <marc:subfield code="e">Verfasser/-in</marc:subfield>
   </marc:datafield>
   <marc:datafield ind1="0" ind2="0" tag="245">
      <marc:subfield code="a">Das leise Platzen unserer Träume</marc:subfield>
   </marc:datafield>
   <marc:datafield ind1="0" ind2="0" tag="245">
      <marc:subfield code="b">Roman | Roman | Ein authentischer Roman über Liebe, Mutterschaft und das Neuerfinden von Lebensträumen »Wie ein Gespräch mit der besten Freundin.« Süddeutsche Zeitung</marc:subfield>
   </marc:datafield>
   <marc:datafield ind1="0" ind2="0" tag="245">
      <marc:subfield code="c">Eva Lohmann</marc:subfield>
   </marc:datafield>
   <marc:datafield ind1=" " ind2="1" tag="264">
      <marc:subfield code="a">München</marc:subfield>
      <marc:subfield code="b">Eisele Verlag</marc:subfield>
      <marc:subfield code="c">2024</marc:subfield>
   </marc:datafield>
   <marc:datafield ind1=" " ind2=" " tag="250">
      <marc:subfield code="a">Auflage</marc:subfield>
   </marc:datafield>
   <marc:datafield ind1="1" ind2=" " tag="520">
      <marc:subfield code="a">Bleiben oder Gehen? #Ein Haus auf dem Land. Das hast du dir immer gewünscht, Jule. Dazu ein wilder Garten, durch den eure Kinder rennen. So hast du dir das Glück vorgestellt. Doch die Kinder sind nie gekommen. Und dein Mann hat jetzt eine Affäre in der Stadt. Ihr Name ist Hellen, und Hellen denkt viel an dich. Vielleicht ein bisschen zu viel. Sie fragt sich, warum du und dein Mann noch immer zusammen seid. Wie zwei Menschen es so lange miteinander aushalten können, wenn ihre gemeinsamen Träume doch längst geplatzt sind. Aber von alldem hast du keine Ahnung, Jule. Du weißt nicht von Hellen und nicht von ihren Fragen. Noch nicht. Noch sitzt du da, in deinem hübschen Garten, und überlegst, ob das, was du hast, vielleicht doch reichen könnte, um glücklich zu sein.##»Wie ein Gespräch mit der besten Freundin.« Süddeutsche Zeitung##»Klug, warmherzig und niemals kitschig.« Welt Hamburg</marc:subfield>
   </marc:datafield>
   <marc:datafield ind1=" " ind2=" " tag="020">
      <marc:subfield code="a">9783961612024</marc:subfield>
      <marc:subfield code="9">9783961612024</marc:subfield>
   </marc:datafield>
   <marc:datafield ind1=" " ind2=" " tag="041">
      <marc:subfield code="a">ger</marc:subfield>
   </marc:datafield>
   <marc:datafield ind1=" " ind2=" " tag="300">
      <marc:subfield code="a">224 Seiten</marc:subfield>
   </marc:datafield>
</marc:record>
